| 000 | 00480nam a2200193Ia 4500 | ||
|---|---|---|---|
| 003 | GCL | ||
| 008 | 140319s9999 xx 000 0 eng d | ||
| 040 |
_aGCL / _cGCL |
||
| 082 | 0 | 4 |
_aCC _b305 _bU L |
| 100 | 1 | _aUWAYS, SAYYID | |
| 245 | 1 | 0 |
_aL'HISTOIRE QUE JE PORTE SUR MON DOS / _cUWAYS, SAYYID |
| 260 |
_a[S.N] : _bCEDEJ ، _c1989 |
||
| 300 | _a325 P | ||
| 650 | 0 | 4 | _aEGYPT |
| 650 | 0 | 4 | _aSOCIAL SCIENCE |
| 650 | 0 | 4 | _aEGYPTIAN SOCIETY |
| 650 | 0 | 4 | _aMEMORIES |
| 942 |
_2ddc _cBK |
||
| 999 |
_c20513 _d20513 |
||